000 00584nam a2200229Ia 4500
003 OSt
005 20220923214801.0
006 a|||||r|||| 00| 0
007 ta
008 220922b |||||||| |||| 00| 0 hin d
024 _a172,711
037 _cTextual
040 _aARTS
_cARTS
_bhin
041 _2hin
_ahin
082 _aO152:3NPAx, J5
100 _aपरदेशी
245 0 _aचम्पा के फूल
246 _aChampā ke fūla
260 _c1955
942 _hO152:3NPAx, J5
_cTEXL
_2CC
999 _c326719
_d326719